| 000 | 01182pam a2200373 ia4500 | ||
|---|---|---|---|
| 001 | vtls000912884 | ||
| 003 | PNM | ||
| 005 | 20220127145021.0 | ||
| 008 | 200921s2021 my ao j 000 0 may | ||
| 015 | _aM21-01960 | ||
| 020 |
_a9789671846605 _qset |
||
| 020 |
_a9789671846612 _qpaperback _cRM41.50 |
||
| 039 | 9 |
_a202104280901 _bsham _c202103072054 _dazizan _c202103011149 _dain _c202102241842 _dain |
|
| 040 |
_aBNM _beng _cBNM _erda _dPPAK |
||
| 049 | _amal | ||
| 082 | 0 | 4 |
_a371.809595 _223 |
| 090 | 0 | 0 |
_a371.809595 _bZUL _dK |
| 100 | 0 |
_aZulfadzli, _eauthor. |
|
| 245 | 1 | 0 |
_aPERSEKUTUAN PENGAKAP MALAYSIA / _cZulfadzli |
| 264 | 1 |
_aKuala Lumpur : _bELEGANT MIND PUBLICATION, _c[2021] |
|
| 300 |
_a56 pages : _bcolour photographs ; _c26 cm. |
||
| 336 |
_atext _2rdacontent |
||
| 336 |
_astill image _2rdacontent |
||
| 337 |
_aunmediated _2rdamedia |
||
| 338 |
_avolume _2rdacarrier |
||
| 490 | 1 | _aAktif Kokurikulum Unit Beruniform | |
| 650 | 1 | 0 |
_aStudent activities _zMalaysia |
| 650 | 2 | 0 |
_aBoy Scouts _zMalaysia |
| 650 | 2 | 0 |
_aScouts and scouting _zMalaysia |
| 830 | 0 | _aAktif kokurikulum unit beruniform | |
| 942 |
_2ddc _cB |
||
| 949 | _62000788773 | ||
| 949 | _62000788774 | ||
| 999 |
_c185061 _d185061 |
||